[Event "RUS-ch Silent"]
[Site "Zelenograd"]
[Date "2017.09.25"]
[Round "10"]
[White "Fomichev, Sergey"]
[Black "Antipin, Alexander"]
[Result "1-0"]
[WhiteElo "2048"]
[BlackElo "1853"]
[PlyCount "65"]
[EventDate "2017.09.19"]
[EventType "swiss"]
[EventRounds "11"]
[EventCountry "RUS"]
[SourceTitle "EXT 2019"]
[Source "ChessBase"]
[SourceDate "2018.10.10"]
[SourceVersion "1"]
[SourceVersionDate "2018.10.10"]
[SourceQuality "1"]

1. e4 e5 2. Nf3 Nc6 3. Bb5 Nd4 4. Bc4 Nxf3+ 5. Qxf3 Qf6 6. Qg3 Ne7 7. Nc3 c6 8. a4 Qg6 9. d3 d6 10. 0-0 Be6 11. Bxe6 fxe6 12. Qh3 h5 13. f4 Qg4 14. Qxg4 hxg4 15. fxe5 dxe5 16. Be3 Ng6 17. g3 Be7 18. Nd1 Kd7 19. Nf2 a6 20. Nxg4 Raf8 21. Rxf8 Rxf8 22. Rf1 Rxf1+ 23. Kxf1 b5 24. axb5 cxb5 25. Ke2 b4 26. b3 Kc6 27. h4 Bd6 28. Bc1 Kd7 29. Bb2 a5 30. h5 Nf8 31. Nxe5+ Bxe5 32. Bxe5 g6 33. h6 1-0

[Event "RUS-ch Silent"]
[Site "Zelenograd"]
[Date "2017.09.24"]
[Round "8"]
[White "Mansursky, Shevket"]
[Black "Fomichev, Sergey"]
[Result "1-0"]
[WhiteElo "1646"]
[BlackElo "2048"]
[PlyCount "127"]
[EventDate "2017.09.19"]
[EventType "swiss"]
[EventRounds "11"]
[EventCountry "RUS"]
[SourceTitle "EXT 2019"]
[Source "ChessBase"]
[SourceDate "2018.10.10"]
[SourceVersion "1"]
[SourceVersionDate "2018.10.10"]
[SourceQuality "1"]

1. d4 d5 2. c4 c6 3. b3 Nf6 4. Nf3 Bf5 5. Nbd2 e6 6. Nh4 Bg6 7. f3 Bd6 8. Kf2 Ng4+ 9. fxg4 Qxh4+ 10. Kg1 Qxg4 11. Nf3 0-0 12. e3 Be4 13. Be2 f5 14. Qe1 f4 15. Qh4 Bxf3 16. Qxg4 Bxg4 17. Bxg4 fxe3 18. Bxe3 Rf6 19. Rf1 Kf7 20. h4 Na6 21. Rxf6+ gxf6 22. c5 Bc7 23. a3 Rg8 24. Bh5+ Ke7 25. g4 e5 26. Kg2 Nb8 27. Kh3 Nd7 28. Rf1 exd4 29. Bxd4 Be5 30. Be3 d4 31. Bd2 Ke6 32. b4 b6 33. g5 f5 34. Bf3 bxc5 35. Bxc6 c4 36. Re1 Nb8 37. Bb5 Kd5 38. Bxc4+ Kxc4 39. Rxe5 Kd3 40. Bf4 Rc8 41. Rxf5 Ke4 42. Kg4 d3 43. Rf7 Rc2 44. Re7+ Kd4 45. Bxb8 d2 46. Bxa7+ Kd3 47. Rd7+ Ke2 48. Re7+ Kf1 49. Rd7 Ke2 50. h5 d1Q 51. Rxd1 Kxd1 52. h6 Ra2 53. Kf5 Rxa3 54. Bc5 Rf3+ 55. Ke6 Kc2 56. b5 Kc3 57. b6 Kc4 58. Be7 Rf1 59. Bf6 Rb1 60. Bd8 Rf1 61. Kd6 Kd4 62. b7 Rb1 63. g6 Rxb7 64. g7 1-0

[Event "RUS-ch Silent"]
[Site "Zelenograd"]
[Date "2017.09.23"]
[Round "7"]
[White "Fomichev, Sergey"]
[Black "Bakurov, Viacheslav"]
[Result "0-1"]
[WhiteElo "2048"]
[BlackElo "1798"]
[PlyCount "136"]
[EventDate "2017.09.19"]
[EventType "swiss"]
[EventRounds "11"]
[EventCountry "RUS"]
[SourceTitle "EXT 2019"]
[Source "ChessBase"]
[SourceDate "2018.10.10"]
[SourceVersion "1"]
[SourceVersionDate "2018.10.10"]
[SourceQuality "1"]

1. e4 a6 2. Bc4 e6 3. d4 b5 4. Bd3 Bb7 5. Nf3 g6 6. 0-0 Bg7 7. c3 Ne7 8. Re1 0-0 9. Bg5 f6 10. Bh4 d6 11. Qb3 d5 12. a4 c6 13. exd5 exd5 14. Nbd2 Nf5 15. Bxf5 gxf5 16. Bg3 Bh6 17. Qc2 f4 18. Bh4 Bc8 19. axb5 cxb5 20. Re2 Nc6 21. Rae1 Ra7 22. h3 Rg7 23. Kh2 Ne7 24. b3 Bf5 25. Qa2 Qd6 26. c4 Ng6 27. Kh1 Kh8 28. c5 Qc6 29. b4 Rfg8 30. Ra1 Bc8 31. Qc2 Ne7 32. Rg1 Nf5 33. Ree1 Rg6 34. Nb3 Ng7 35. Na5 Qc7 36. Qa2 Be6 37. Nb3 Qc8 38. Kh2 Bf5 39. Nbd2 Qb7 40. Ra1 Bc8 41. Rac1 Bd7 42. Rce1 Nf5 43. Ra1 Bc8 44. Rac1 Qc6 45. Nb3 Bf8 46. Qd2 Qc7 47. Qd3 Qg7 48. g4 fxg3+ 49. fxg3 Nxg3 50. Bxg3 Rxg3 51. Qf1 Qc7 52. Rxg3 Rxg3 53. Kh1 Rxh3+ 54. Kg1 Qg3+ 55. Qg2 Qxf3 56. Qxf3 Rxf3 57. Na5 Rd3 58. Re1 Kg7 59. Re8 Bg4 60. Rd8 Rxd4 61. Nc6 Rd2 62. Na7 d4 63. Nc8 Bxc8 64. Rxc8 d3 65. Rd8 h5 66. c6 Rc2 67. Rxd3 Kg6 68. c7 Bxb4 0-1

[Event "RUS-ch Silent"]
[Site "Zelenograd"]
[Date "2017.09.22"]
[Round "5"]
[White "Fomichev, Sergey"]
[Black "Shalagin, Vladimir"]
[Result "0-1"]
[WhiteElo "2048"]
[BlackElo "1978"]
[PlyCount "72"]
[EventDate "2017.09.19"]
[EventType "swiss"]
[EventRounds "11"]
[EventCountry "RUS"]
[SourceTitle "EXT 2019"]
[Source "ChessBase"]
[SourceDate "2018.10.10"]
[SourceVersion "1"]
[SourceVersionDate "2018.10.10"]
[SourceQuality "1"]

1. e4 e5 2. Nf3 Nc6 3. Bb5 Nf6 4. 0-0 Nxe4 5. d4 a6 6. Bxc6 dxc6 7. Re1 Nd6 8. dxe5 Nf5 9. Qxd8+ Kxd8 10. c3 Be6 11. Nbd2 Be7 12. Ne4 h6 13. h3 b6 14. g4 Nh4 15. Nxh4 Bxh4 16. Kg2 Kc8 17. Bf4 Kb7 18. Bg3 Be7 19. f3 Rad8 20. b3 Rd3 21. c4 a5 22. f4 g6 23. Re2 h5 24. Nf2 Rd4 25. Rc1 a4 26. Kf3 axb3 27. axb3 Ra8 28. Rd1 Rxd1 29. Nxd1 Ra3 30. Re3 b5 31. Nb2 Bc5 32. Rd3 Ra2 33. Nd1 bxc4 34. bxc4 Bxc4 35. Rd8 Be2+ 36. Ke4 Ra4+ 0-1

[Event "RUS-ch Silent"]
[Site "Zelenograd "]
[Date "2014.09.24"]
[Round "8"]
[White "Tubakin, Leonid"]
[Black "Fomichev, Sergey"]
[Result "1-0"]
[WhiteElo "1967"]
[BlackElo "2020"]
[PlyCount "107"]
[EventDate "2014.09.19"]
[EventType "swiss"]
[EventRounds "11"]
[EventCountry "RUS"]
[SourceTitle "EXT 2015"]
[Source "ChessBase"]
[SourceDate "2014.11.20"]
[SourceVersion "1"]
[SourceVersionDate "2014.11.20"]
[SourceQuality "1"]

1. d4 d5 2. Nf3 Nf6 3. Nc3 c6 4. e3 Bg4 5. Be2 Nbd7 6. h3 Bxf3 7. Bxf3 e5 8. dxe5 Nxe5 9. a3 Be7 10. 0-0 0-0 11. b3 Rc8 12. Bb2 Qc7 13. Qe2 Rfe8 14. Rad1 Rcd8 15. Kh1 Bd6 16. Na2 Qe7 17. a4 a5 18. Bc3 b6 19. Nc1 Nxf3 20. Qxf3 Ne4 21. Ba1 Be5 22. Bxe5 Qxe5 23. Ne2 Rd6 24. Qf4 Qe7 25. f3 Rf6 26. Qh4 Nc5 27. Ng3 Qe6 28. Rfe1 Rh6 29. Qf4 Rf6 30. Qh4 Rg6 31. e4 dxe4 32. Nxe4 Qc8 33. Nxc5 Rxe1+ 34. Rxe1 bxc5 35. Qc4 Rg5 36. Qa6 Qf8 37. Qxc6 Rg6 38. Qb5 Re6 39. Rxe6 fxe6 40. Qxa5 Qf5 41. Qa8+ Kf7 42. Qe4 Qf6 43. f4 Qa1+ 44. Kh2 Qc3 45. f5 e5 46. Qc4+ Qxc4 47. bxc4 Kf6 48. g4 e4 49. Kg3 Ke5 50. a5 Kd4 51. a6 Kc3 52. Kf4 Kd4 53. a7 e3 54. Kf3 1-0

[Event "Lazarevskoe op"]
[Site "Lazarevskoe"]
[Date "2013.06.??"]
[Round "6"]
[White "Fomichev, Sergey"]
[Black "Tischenko, Sergei"]
[Result "0-1"]
[WhiteElo "2010"]
[BlackElo "2136"]
[PlyCount "88"]
[EventDate "2013.06.03"]
[EventType "swiss"]
[EventRounds "9"]
[EventCountry "RUS"]
[SourceTitle "EXT 2015"]
[Source "ChessBase"]
[SourceDate "2014.11.20"]
[SourceVersion "1"]
[SourceVersionDate "2014.11.20"]
[SourceQuality "1"]

1. d4 d6 2. Nf3 Bg4 3. Nbd2 Nd7 4. g3 e5 5. Bg2 c6 6. dxe5 dxe5 7. 0-0 Ngf6 8. h3 Bh5 9. c3 Qc7 10. Qc2 Be7 11. e4 0-0 12. Nh4 Be2 13. Re1 Ba6 14. Nf5 Nc5 15. c4 Rfd8 16. Nxe7+ Qxe7 17. Bf1 b6 18. Nf3 Nfd7 19. b4 Ne6 20. a4 c5 21. b5 Bb7 22. a5 Nd4 23. Nxd4 cxd4 24. a6 Bc8 25. c5 Nxc5 26. Ba3 Be6 27. Bxc5 Qxc5 28. Qb2 Rac8 29. Rac1 Qd6 30. Rxc8 Rxc8 31. Rc1 Rxc1 32. Qxc1 Kf8 33. Qd2 Qc5 34. Kg2 f6 35. f4 Qc3 36. Qf2 Ke7 37. fxe5 fxe5 38. Qe2 d3 39. Qe3 Qc2+ 40. Kh1 d2 41. Qg5+ Kf7 42. Qh5+ Kf8 43. Be2 Qxe4+ 44. Kh2 Bd5 0-1

[Event "Eisk Azovskie Zori op"]
[Site "Eisk"]
[Date "2011.06.08"]
[Round "4"]
[White "Fomichev, Sergey"]
[Black "Golod, Ilja"]
[Result "1/2-1/2"]
[WhiteElo "2009"]
[BlackElo "2332"]
[PlyCount "92"]
[EventDate "2011.06.05"]
[EventType "swiss"]
[EventRounds "9"]
[EventCountry "RUS"]
[SourceTitle "EXT 2012"]
[Source "ChessBase"]
[SourceDate "2011.11.24"]
[SourceVersion "1"]
[SourceVersionDate "2011.11.24"]
[SourceQuality "1"]

1. Nf3 Nf6 2. d4 d5 3. e3 Bf5 4. Bd3 Bxd3 5. cxd3 e6 6. 0-0 c5 7. Nbd2 Nc6 8. dxc5 Bxc5 9. d4 Bd6 10. b3 Rc8 11. a3 0-0 12. Bb2 Ne4 13. Ne5 Bxe5 14. dxe5 Nxd2 15. Qxd2 Na5 16. Qd3 Qb6 17. b4 Nc4 18. Bd4 Qc6 19. f4 a5 20. Rf3 axb4 21. axb4 Ra8 22. Rff1 b6 23. f5 Rxa1 24. Rxa1 Ra8 25. Rxa8+ Qxa8 26. h3 b5 27. f6 Qa3 28. Qxa3 Nxa3 29. fxg7 Nc2 30. Bc5 Kxg7 31. Kf2 Kg6 32. g4 f6 33. exf6 Kxf6 34. h4 e5 35. Ke2 Na3 36. Kf3 Nb1 37. Bf8 Nd2+ 38. Ke2 Ne4 39. Kf3 Kf7 40. Bh6 Nc3 41. h5 Ke6 42. Bf8 Ne4 43. Bg7 Nf6 44. Kg3 Kf7 45. Bh6 Ne4+ 46. Kf3 Ke6 1/2-1/2

[Event "Samara Mayak Rating"]
[Site "Samara"]
[Date "2008.03.30"]
[Round "8"]
[White "Fomichev, Sergey"]
[Black "Blatov, Igor"]
[Result "0-1"]
[WhiteElo "2104"]
[BlackElo "2328"]
[PlyCount "84"]
[EventDate "2008.03.23"]
[EventType "tourn"]
[EventRounds "9"]
[EventCountry "RUS"]
[SourceTitle "EXT 2022"]
[Source "ChessBase"]
[SourceDate "2021.10.06"]
[SourceVersion "1"]
[SourceVersionDate "2021.10.06"]
[SourceQuality "1"]

1. d4 Nf6 2. Nf3 e6 3. e3 c5 4. Bd3 b6 5. Nbd2 Bb7 6. a3 Nc6 7. 0-0 Be7 8. c4 cxd4 9. exd4 d5 10. cxd5 Nxd5 11. Nc4 0-0 12. b4 Rc8 13. b5 Nb8 14. Bd2 Nd7 15. Nce5 Nxe5 16. Nxe5 Nc3 17. Qh5 Be4 18. Bxe4 Nxe4 19. Bb4 Bxb4 20. axb4 Qxd4 21. Rad1 Qxb4 22. Nc6 Nf6 23. Qe5 Rxc6 24. bxc6 Nd5 25. h4 Rc8 26. Rfe1 g6 27. h5 Rxc6 28. Rxd5 exd5 29. Qe8+ Kg7 30. Qe5+ f6 31. Qe8 Rc7 32. Qe3 g5 33. Qe6 Qf8 34. Qf5 Qf7 35. g4 d4 36. Re6 h6 37. Rd6 Rb7 38. Rd8 a5 39. Qc8 a4 40. Rh8 Rc7 41. Qd8 Re7 42. Rxh6 Re8 0-1

[Event "Samara Mayak Rating"]
[Site "Samara"]
[Date "2008.03.25"]
[Round "3"]
[White "Strokov, Anatoli"]
[Black "Fomichev, Sergey"]
[Result "1-0"]
[WhiteElo "2204"]
[BlackElo "2104"]
[PlyCount "51"]
[EventDate "2008.03.23"]
[EventType "tourn"]
[EventRounds "9"]
[EventCountry "RUS"]
[SourceTitle "EXT 2022"]
[Source "ChessBase"]
[SourceDate "2021.10.06"]
[SourceVersion "1"]
[SourceVersionDate "2021.10.06"]
[SourceQuality "1"]

1. e4 c5 2. Nf3 Nc6 3. d4 cxd4 4. Nxd4 e5 5. Nb5 a6 6. Nd6+ Bxd6 7. Qxd6 Qf6 8. Qd2 Nge7 9. Nc3 Qg6 10. f3 0-0 11. Bd3 Nb4 12. Bc4 d5 13. Nxd5 Nbxd5 14. Bxd5 Nxd5 15. exd5 Bf5 16. c3 Bd3 17. Qg5 Qd6 18. Kf2 Qxd5 19. Rd1 Qb5 20. a4 Qc4 21. Qxe5 Rae8 22. Qf4 Re2+ 23. Kg1 Qxf4 24. Bxf4 Bc2 25. Rd2 Rfe8 26. a5 1-0

[Event "Samara Region-ch FL"]
[Site "Samara"]
[Date "2007.12.22"]
[Round "8"]
[White "Fomichev, Sergey"]
[Black "Belonogov, Alexander"]
[Result "0-1"]
[WhiteElo "2104"]
[BlackElo "2163"]
[PlyCount "75"]
[EventDate "2007.12.15"]
[EventType "swiss"]
[EventRounds "9"]
[EventCountry "RUS"]
[SourceTitle "EXT 2022"]
[Source "ChessBase"]
[SourceDate "2021.10.06"]
[SourceVersion "1"]
[SourceVersionDate "2021.10.06"]
[SourceQuality "1"]

1. e4 e5 2. f4 exf4 3. Nf3 g5 4. Bc4 Bg7 5. d4 h6 6. h4 d6 7. Nc3 Nc6 8. d5 Ne5 9. Nxe5 Bxe5 10. Bb5+ Kf8 11. Qf3 Qf6 12. Bd2 g4 13. Qf2 Ne7 14. 0-0-0 g3 15. Qf1 a6 16. Be2 h5 17. Bf3 Ng6 18. Qe2 Nxh4 19. Bxh5 Qg5 20. Bf3 Nxf3 21. Rxh8+ Bxh8 22. gxf3 Be5 23. Qg2 Bd7 24. b3 Kg7 25. Rh1 Rh8 26. Rxh8 Kxh8 27. Ne2 Qh4 28. Kd1 Qh2 29. Qf1 Bh3 30. Qe1 Bg2 31. Ng1 Qh1 32. Ne2 Bf1 33. Kc1 Qxf3 34. Nc3 Qf2 35. Qxf2 gxf2 36. Nd1 Bd4 37. c3 Bd3 38. Nxf2 0-1

[Event "Samara Region-ch FL"]
[Site "Samara"]
[Date "2007.12.20"]
[Round "6"]
[White "Fomichev, Sergey"]
[Black "Zhuzhukin, Nikita"]
[Result "0-1"]
[WhiteElo "2104"]
[BlackElo "1985"]
[PlyCount "96"]
[EventDate "2007.12.15"]
[EventType "swiss"]
[EventRounds "9"]
[EventCountry "RUS"]
[SourceTitle "EXT 2022"]
[Source "ChessBase"]
[SourceDate "2021.10.06"]
[SourceVersion "1"]
[SourceVersionDate "2021.10.06"]
[SourceQuality "1"]

1. d4 d5 2. e3 Nf6 3. Bd3 e6 4. Nf3 Bd6 5. 0-0 0-0 6. b3 b6 7. Bb2 Bb7 8. Nbd2 Ne4 9. Ne5 f6 10. Bxe4 dxe4 11. Nec4 Be7 12. a4 Nd7 13. Qg4 f5 14. Qh3 Rf6 15. Qh5 Rh6 16. Qe2 g5 17. Rfd1 g4 18. Nf1 a5 19. Na3 Qf8 20. c4 Rg6 21. Nb5 c6 22. Nc3 h5 23. Qd2 Bb4 24. Qc1 h4 25. d5 Nc5 26. Qc2 cxd5 27. cxd5 Rc8 28. dxe6 Nd3 29. Rxd3 exd3 30. Qxd3 Rxe6 31. Ne2 Rd6 32. Nd4 Be4 33. Qe2 Qf7 34. Nd2 Bxd2 35. f3 gxf3 36. gxf3 Rg6+ 37. Kh1 Qd5 38. Rg1 Rcc6 39. Rg2 h3 40. Rf2 Rc7 41. Qxd2 Rc2 42. Qxc2 Bxc2 43. Rxc2 Qd7 44. Rd2 Qg7 45. Ne2 Qe7 46. Ng3 Qxe3 47. Rd8+ Kf7 48. Rd7+ Ke8 0-1